000 024040000a22006130004500
003 LK-CoMWRAF
008 230817t ||||| |||| 00| 0 eng d
040 _aLK-CoMWRAF
_dLK-CoMWRAF
_eLK-CoMWRAF
041 _aeng
082 _a730
_bSRI
245 _aSri Lanka's Ethnic Problem
_b
260 _bCentre for Society and Religion
_aSri Lanka (Colombo 10)
_c1984
300 _ap.120
650 _aA Resolution of the Ethnic Conflict Through Human Rights (Nimal Jayawickrama)
650 _aA Solution through Respect for Human Rights
650 _aAn Understanding of the Buddhist Perspective (Ven.Dr.Hevanpola Ratanasara)
650 _aApplication of Human Rights Law to the Ethnic Problem
650 _aAttitude of the North
650 _aBlack Civil Rights Movement in the U.S.A.
650 _aBuddhist Leader
650 _aCase Against Terrorism
650 _aCitizenshipLanguage
650 _aCommon Nationhood (Prof.C.Suriyakumaran)
650 _aDeviation
650 _aEducation
650 _aEthnic Conflict and the Crisis in the South (Dayan Jayatilleka) Political Crisis
650 _aEthnic Issues International Dimentions (Mervyn De Silva)
650 _aFacts and Illusions
650 _aFeasible Solution of Ethnic Problems in Sri Lanka (A.Aziz)
650 _aInternational Human Rights Regime
650 _aMass Action
650 _aMilitarised
650 _aMilitary Crisis
650 _aMutually Reinforcing Oppositions
650 _aNeed of a People's Movement for Peace with Justice (Tissa Balasuriya)
650 _aNodal Position
650 _aNon Alignment
650 _aNon-Violence Alternative (Jehan Perera) Human Condition
650 _aPersistent Identity and Oppositional Processes
650 _aPolitical Perceptions of the Tamils (Karthigesu Sivathamby)
650 _aPolitical Solution of the Tamils
650 _aPower Sharing: and the Ethnic Problem (Radhika Coomaraswamy)
650 _aRegional Autonomy
650 _aSinhalese Oppositional Response
650 _aSinhalese Role
650 _aTamil Oppositional Response
650 _aTamil Role
650 _aTerrorism
650 _aTerrorism in South America
650 _aTowards a Solution to the Ethnic Problem Identity of Plantation Tamils (P.Devarajah)
650 _aTowards Communal Harmony
650 _aWindows of Vulnerability
942 _cBK
999 _c1676
_d1676